Adam Sandler Movies Quiz! - Statistics

General Stats
  • This quiz has been taken 467 times
  • The average score is 16 of 35
Answer Stats
2015 Pixels % Correct
1996 Happy Gilmore
87%
2010 Grown Ups
85%
2013 Grown Ups 2
80%
2004 50 First Dates
77%
1995 Billy Madison
75%
1999 Big Daddy
73%
2006 Click
71%
1998 The Waterboy
63%
2011 Jack And Jill
62%
2014 Blended
60%
1998 The Wedding Singer
60%
2002 Mr Deeds
59%
2000 Little Nicky
53%
2011 Just Go With It
51%
2005 The Longest Yard
49%
2004 Spanglish
46%
2003 Anger Management
45%
2008 Bedtime Stories
41%
2012 Thats My Boy
40%
2009 Funny People
38%
2002 Punch Drunk Love
36%
2007 I Now Pronounce You Chuck And Larry
34%
2008 You Don't Mess With The Zohan
34%
2012 Hotel Transylvania
31%
2002 Eight Crazy Nights
29%
1996 Bulletproof
27%
1994 Airheads
26%
1993 Coneheads
24%
1989 Going Overboard
23%
2007 Reign Over Me
23%
2001 The Animal
20%
2011 Zookeeper
18%
1994 Mixed Nuts
15%
1991 Shakes The Clown
13%
2003 Pauly Shore Is Dead
4%
No matching quizzes found
Score Distribution
Percent of People with Each Score
Percentile by Number Answered
Your Score History
You have not taken this quiz